000 nam a22 7a 4500
999 _c10377
_d10377
008 180215b ||||| |||| 00| 0 eng d
100 _aGupta,R.K.
_96331
245 _aComprehensive English Communicative Test Papers-IX
260 _aNew Delhi
_bLaxhmi